|
|
|
|
| LEADER |
01339nam a2200265 a 4500 |
| 001 |
000385894 |
| 008 |
880915s1988 pk b 100 0 eng d |
| 020 |
|
|
|a 9211260086
|
| 040 |
|
|
|a WAU
|c WAU
|d MYG
|
| 082 |
0 |
0 |
|a 658.321
|2 19
|
| 111 |
|
|
|a Budapest Roundtable on Managing Human Development
|d (1987)
|
| 245 |
1 |
0 |
|a Managing human development :
|b papers prepared for the Budapest Roundtable on Managing Human Development, September 6-9, 1987 /
|c editors, Khadija Haq, Uner Kirdar.
|
| 260 |
|
|
|a Islamabad, Pakistan :
|b North South Roundtable,
|c 1988.
|
| 300 |
|
|
|a xiv, 294 p. ;
|c 24 cm.
|
| 500 |
|
|
|a "The third session ... was held in Budapest in September 1987 in cooperation with the UNDP Development Study Programme and was hosted by the Hungarian Academy of Sciences."--P. xiv.
|
| 504 |
|
|
|a Includes bibliographies.
|
| 541 |
1 |
|
|e 00004306
|
| 650 |
|
0 |
|a Human capital
|v Congresses.
|
| 650 |
|
0 |
|a Manpower policy
|v Congresses.
|
| 650 |
|
0 |
|a Economic development
|v Congresses.
|
| 700 |
1 |
|
|a Haq, Khadija.
|
| 700 |
1 |
|
|a Kirdar, ner,
|d 1933-
|
| 852 |
4 |
|
|a Ayesha Abed Library
|j General shelf
|
| 999 |
|
|
|c 1251
|d 1251
|
| 952 |
|
|
|0 0
|1 0
|2 ddc
|4 0
|6 658_321000000000000_HAQ_1988
|7 0
|9 1136
|a BRACUL
|b BRACUL
|c GEN
|d 2009-06-25
|g 0.00
|l 0
|o 658.321 HAQ
|p 3010004306
|r 2009-06-25
|t 1
|w 2009-06-25
|y BK
|x No price found in the accession register.
|